| 000 | 00365nam a2200145Ia 4500 | ||
|---|---|---|---|
| 005 | 20250729165733.0 | ||
| 008 | 250729s2013 xx 000 0 und d | ||
| 041 | _aeng | ||
| 082 | _a420.75 FIOA | ||
| 100 |
_aFiona Davis _9231755 |
||
| 245 | _aActive Grammar | ||
| 260 |
_aNewyork _bCambridge University Press _c2013 |
||
| 300 | _a214p | ||
| 650 |
_aEnglish _9231756 |
||
| 999 |
_c239440 _d239440 |
||